Tribhuvan University Central Library

Japan; from prehistory to modern times (Record no. 24311)

MARC details
000 -LEADER
fixed length control field 00962 a2200337 4500
020 ## - INTERNATIONAL STANDARD BOOK NUMBER
International Standard Book Number 0-939512-54-8
041 ## - LANGUAGE CODE
Language code of text/sound track or separate title Eng
082 ## - DEWEY DECIMAL CLASSIFICATION NUMBER
Classification number 952
Item number H143j
100 ## - MAIN ENTRY--PERSONAL NAME
Personal name Hall, John Whitney, 1916-
9 (RLIN) 19122
245 ## - TITLE STATEMENT
Title Japan; from prehistory to modern times
260 ## - PUBLICATION, DISTRIBUTION, ETC. (IMPRINT)
Place of publication, distribution, etc Michigan
Name of publisher, distributor, etc Center for Japanese Studies the University of Michigan, USA
260 ## - PUBLICATION, DISTRIBUTION, ETC. (IMPRINT)
Date of publication, distribution, etc 1970
300 ## - PHYSICAL DESCRIPTION
Extent 395p.
Other physical details illus
440 ## - SERIES STATEMENT/ADDED ENTRY--TITLE
Title Michigan classics in Japanese studies number
9 (RLIN) 19123
500 ## - GENERAL NOTE
General note Bibliography:p. 362-379
518 ## - DATE/TIME AND PLACE OF AN EVENT NOTE
Date/time and place of an event note 2011-02-23
530 ## - ADDITIONAL PHYSICAL FORM AVAILABLE NOTE
Additional physical form available note M
650 ## - SUBJECT ADDED ENTRY--TOPICAL TERM
Topical term or geographic name as entry element History
650 ## - SUBJECT ADDED ENTRY--TOPICAL TERM
Topical term or geographic name as entry element Japanese history
9 (RLIN) 11948
650 ## - SUBJECT ADDED ENTRY--TOPICAL TERM
Topical term or geographic name as entry element Economic growth
9 (RLIN) 1915
650 ## - SUBJECT ADDED ENTRY--TOPICAL TERM
Topical term or geographic name as entry element Political parties
9 (RLIN) 1628
650 ## - SUBJECT ADDED ENTRY--TOPICAL TERM
Topical term or geographic name as entry element Agricultural
9 (RLIN) 16929
650 ## - SUBJECT ADDED ENTRY--TOPICAL TERM
Topical term or geographic name as entry element Cultural development
9 (RLIN) 19124
650 ## - SUBJECT ADDED ENTRY--TOPICAL TERM
Topical term or geographic name as entry element Political history
9 (RLIN) 1780
650 ## - SUBJECT ADDED ENTRY--TOPICAL TERM
Topical term or geographic name as entry element War
650 ## - SUBJECT ADDED ENTRY--TOPICAL TERM
Topical term or geographic name as entry element Political parties
9 (RLIN) 1628
650 ## - SUBJECT ADDED ENTRY--TOPICAL TERM
Topical term or geographic name as entry element Culture
650 ## - SUBJECT ADDED ENTRY--TOPICAL TERM
Topical term or geographic name as entry element Modern history
9 (RLIN) 11708
651 ## - SUBJECT ADDED ENTRY--GEOGRAPHIC NAME
Geographic name Japan
9 (RLIN) 1875
942 ## - ADDED ENTRY ELEMENTS (KOHA)
Koha item type General Collections
Source of classification or shelving scheme Dewey Decimal Classification
Holdings
Withdrawn status Lost status Damaged status Not for loan Home library Current library Date acquired Total Checkouts Barcode Date last seen Price effective from
        Tribhuvan University Central Library Tribhuvan University Central Library 06/20/2010   G6254 06/20/2010 06/20/2010